000
00227nam a2200121Ia 4500
100
_a
HORST & RALPH
942
_c
BK
245
_a
THE FLYING WHITE HOUSE
260
_b
#N/A
300
_a
237
546
_a
ENGLISH
999
_c
32082
_d
32082